000 00881nam a22003017a 4500
003 CHAP
005 20220329140810.0
008 971013s1982 r 00010 d
010 _a57802
011 _a58774
035 _a62930
040 _cCHAP
090 _aFolleto 10444
100 0 0 _aSpellerberg, Ian F.
_9109184
245 _aReptiles and amphibians in woodlands
260 _aLondon :
_bHer Majesty's Stationary Office,
_c1982
300 _a23 p.
_b: ilus.
490 _aForest record: 123
590 _aBATCH-UPD
_b10
_c20130110
_lUCH01
_h0759
590 _aCONVERSION
_b10
_c20130109
_lUCH01
_h1331
650 1 4 _aBatracios.
_910813
650 1 4 _aReptiles.
_996036
650 1 4 _aVida silvestre y bosques.
_9119214
830 0 _aForest record: 123
_942332
901 _aBK
942 _cFOLL
949 _aFolleto 10444
_bBC
_cFOLL
_d-134951
_eTS1
_gI.c/e
_i62930
_mDir
_si
999 _c57802
_d57802